|
|
|
|
| LEADER |
00656cam a2200193 7i4500 |
| 001 |
0000005163 |
| 005 |
20160322090000.0 |
| 020 |
|
|
|a 0766816052
|
| 090 |
0 |
0 |
|a TX911.3.M3
|b M56 2002
|
| 100 |
1 |
|
|a Morrison, Alastair M
|
| 245 |
1 |
0 |
|a Hospitality and travel marketing
|c Alastair M. Morrison.
|
| 250 |
|
|
|a 3rd ed.
|
| 260 |
|
|
|a Australia:
|b Delmar Thomson Learning,
|c 2002.
|
| 300 |
|
|
|a xviii, 625 p.:
|b ill.;
|c 26 cm.
|
| 504 |
|
|
|a Includes bibliographical references and index
|
| 650 |
0 |
0 |
|a Food service --
|x Marketing
|
| 650 |
0 |
0 |
|a Hospitality industry --
|x Marketing
|
| 650 |
0 |
0 |
|a Tourism --
|x Marketing
|
| 999 |
|
|
|a 0000006865
|b BOK
|c OPEN SHELF
|e 2nd Floor, Shah Alam
|